000 00401nam a2200157Ia 4500
008 210716s2007 xx 000 0 und d
020 _a0538879025
041 _aeng
082 _a658.4 DAFR
100 _aDaft, Richard L.
245 _aOrganization theory and design.
250 _a9
260 _aAustralia
_bThomson south western
_c2007
300 _axx,620
650 _aOrganisational Behavior
999 _c203044
_d203044